Конкурентная стратегия компании или маркетинговые методы конкурентной борьбы

מידע ביבליוגרפי
מחבר ראשי: Носова Н. С. Надежда Сергеевна
סיכום:Перед каждой компанией стоит перечень вопросов: как распознать ключевых конкурентов, как оценить конкурентную стратегию фирмы, какие предпринять шаги по отношению к текущим конкурентам с учетом своего положения на рынке, как поступать, если конкуренты начинают ценовую конкуренцию и др. Эта книга поможет найти ответ на них. Для владельцев и руководителей компаний, лиц, занимающихся маркетингом, а также всех тех, кто участвует в разработке стратегических решений.
שפה:רוסית
יצא לאור: Москва, Дашков и К, 2010
מהדורה:2-е изд.
סדרה:Стратегия успешного бизнеса
נושאים:
פורמט: ספר
KOHA link:https://koha.lib.tpu.ru/cgi-bin/koha/opac-detail.pl?biblionumber=180281

MARC

LEADER 00000nam0a2200000 4500
001 180281
005 20231101223532.0
010 |a 9785394009525 
035 |a (RuTPU)RU\TPU\book\195431 
035 |a RU\TPU\book\171847 
090 |a 180281 
100 |a 20090423d2010 km y0rusy50 ca 
101 0 |a rus 
102 |a RU 
105 |a y z 001zy 
200 1 |a Конкурентная стратегия компании или маркетинговые методы конкурентной борьбы  |f Н. С. Носова 
205 |a 2-е изд. 
210 |a Москва  |c Дашков и К  |d 2010 
215 |a 256 с. 
225 1 |a Стратегия успешного бизнеса 
320 |a Литература: с. 254-255. 
330 |a Перед каждой компанией стоит перечень вопросов: как распознать ключевых конкурентов, как оценить конкурентную стратегию фирмы, какие предпринять шаги по отношению к текущим конкурентам с учетом своего положения на рынке, как поступать, если конкуренты начинают ценовую конкуренцию и др. Эта книга поможет найти ответ на них. Для владельцев и руководителей компаний, лиц, занимающихся маркетингом, а также всех тех, кто участвует в разработке стратегических решений. 
606 1 |a Предприятия  |x Конкурентоспособность  |2 stltpush  |3 (RuTPU)RU\TPU\subj\36678  |9 57971 
610 1 |a экономика 
610 1 |a компании 
610 1 |a фирмы 
610 1 |a конкуренция 
610 1 |a конкурентная борьба 
610 1 |a конкурентная стратегия 
610 1 |a маркетинг 
610 1 |a конкуренты 
610 1 |a рынок 
610 1 |a деловые игры 
610 1 |a ценовые стратегии 
686 |a У9(2)29  |v LBC/SL-A  |2 rubbk 
700 1 |a Носова  |b Н. С.  |g Надежда Сергеевна 
801 1 |a RU  |b 63413507  |c 20100513 
801 2 |a RU  |b 63413507  |c 20100930  |g RCR 
942 |c BK 
959 |a 31/20100513  |d 1  |e 165,00  |f ЧЗГЛ:1